Diana of the crossways

Guardat en:
Dades bibliogràfiques
Autor principal: Meredith, George (autor)
Format: Llibre
Idioma:anglès
Publicat: Nueva York Modern Library 1900
Matèries:
Etiquetes: Afegir etiqueta
Sense etiquetes, Sigues el primer a etiquetar aquest registre!

MARC

LEADER 00000nam a2200000 a 4500
001 UCQ4377
003 CL-VaPUC
008 980904e19000000US |||||||||||||||||eng|d
082 0 4 |a 823  |b MER  |2 21 
100 |a Meredith, George  |e autor  |9 574886 
245 1 0 |a Diana of the crossways 
300 |a 447 p 
942 |c BK 
945 |d 19980904 00:00:00  |a crobeson 
260 |a Nueva York  |b Modern Library  |c 1900 
650 0 |a Novelas inglesas  |9 265220 
650 0 |a Literatura inglesa  |9 312907 
583 |a last modification  |c 19980904 00:00:00  |k Rodrigo Vera 
999 |c 274761  |d 274759 
952 |0 0  |1 0  |4 0  |6 823_000000000000000_MER_1900  |7 0  |8 P  |9 311065  |a BIBEDU  |b BIBEDU  |c BIBEDU_PB  |d 2019-11-20  |i 1463489  |o 823 MER 1900  |p 1463489  |r 2024-01-25  |w 2019-11-20  |y BK  |k LIT